000 00289nam a22001217a 4500
999 _c4996
_d4996
008 250502b ||||| |||| 00| 0 eng d
020 _a9788854413313
082 _a609.2 VOG
100 _aVOGATO,VALTER
_eAUTHOR
245 _aGREAT INVENTORS
260 _aMILAN,ITALY
_bWS KIDS
942 _2ddc